000 00602nam a2200205Ia 4500
003 GCL
008 140319s9999 xx 000 0 ara d
040 _aGCL /
_cGCL
082 0 4 _a709.01
_bل ف
100 1 _aلويد سيتشن
245 1 0 _aفن الشرق الادنى القديم /
_cلويد سيتشن
700 1 _aمحمد درويش ( مترجم )
260 _a[S.N] :
_bدار المامون للترجمة والنشر ،
_c1988
300 _a269 ص
490 _a
650 0 4 _aالفن
650 0 4 _aالفن القديم
650 0 4 _aالفن المصرى
942 _2ddc
_cBK
999 _c35202
_d35202